000 00663nam a2200265Ia 4500
003 OSt
005 20221005090956.0
006 a|||||r|||| 00| 0
007 ta
008 221004b |||||||| |||| 00| 0 eng d
020 _a0192842072
024 _a28137
037 _cTextual
040 _aCRL
_cCRL
_beng
041 _2eng
_aeng
082 _aNA41v, N7
100 _aClunas Craig
_9288275
245 0 _aArt in China
260 _aNew York
_bOxford University Press
_c1997
300 _a255p.
_ccm.
490 _aOxford History of art
650 _aARTS
942 _hNA41v, N7
_cTEXL
_2cc
999 _c996635
_d996635